000 00620cam a22002172a 4500
001 011489
003 AR-FADEU
008 311216n1986####xxu####################dd
020 _a968-23-1222-1
092 _a364
_bB226c
100 _aBaratta, Alessandro
245 _aCriminología crítica y crítica del derecho penal : introducción a la sociología jurídico-penal
260 _aMéxico
260 _bSiglo Veintiuno
260 _c1986
300 _a258 p
440 _aNueva criminología y derecho
500 _aIncluye bibliografía
650 _aCRIMINOLOGIA; DERECHO PENAL-CRITICA
942 _cBDGR
999 _c17265
_d17265